| 000 | 00427nam a22001217a 4500 | ||
|---|---|---|---|
| 999 |
_c68305 _d68302 |
||
| 100 |
_aMuzaffar Hussain _a17-MME-05 _aSupervisor - Prof. Dr. Liaquat Ali Memon |
||
| 245 | _aHeat Transfer Analysis of Engine Radiator Using Nanoparticles (AI2O3) And Market Coolant | ||
| 260 |
_aNawabshah _bQUEST _c2021 |
||
| 300 | _a49p. | ||
| 700 | _aDepartment of Mechanical Engineering | ||
| 856 | _uhttp://tinyurl.com/5h7pjwmz | ||
| 942 | _cTHESIS | ||